1708 1837 1072 1659 1483 1091 1809 1768 1991 1146 1361 1917 1072 1691 1262 1872 1251 1963 1375 1719 1897 1981 1323 1681 1487 1387 1059 1714 1822 1503 1693 1054 1082 1267 1638 1316 1796 1240 1045 1433 1748 1381 1122 1940 1499 1028 1817 1135 1099 1356 1388 1272 1970 1302 1433 1547 1555 1988 1023 1621 1369 1714 1733 1085 1252 1570 1115 1824 1353 1100 1862 1967 1576 1093 1882 1121 1364 1437 1685 1930 1965 1577 1341 1164 1528 1480 1912 1806 1402 1086 1614 1534 1042 1075 1494 1665 1504 1537 1643 BCNSPRNW ULIB Ver.6.0+V

เปลี่ยนเป็นภาษาไทย

Change to English
 แสดงรายละเอียดบรรณานุกรม
  กลับหน้าหลัก

Brief Record : Get Marc (ISO 2709) : E-mail record : QR code < ปิดหน้าต่าง
LEADER : 00000nam 2200000uu 4500
001    13399109182
003     ULIB
008    110323s2552||||th 000 0 tha d
020    9789744140937
041 1  tha^heng
050  4 BJ1533.F8^bฮ162ศ 2552
100 1  ฮอร์ชอร์, โรเจอร์
245 10 ศิลปะการผูกมิตรพิชิตใจคน =^bThe art of friendship /^cRogerHorchow & Sally Horchow ; ผู้แปล, ทวีรัตน์ จิรดิลก ; ผู้เรียบเรียง, ธนิกานต์ มาฆะศิรานนท์
246 31 Art of friendship
260    กรุงเทพฯ :^bดีไลท์พับลิชชิ่ง,^c2552
300    147 หน้า ;^c21 ซม.
650  7 มิตรภาพ
700 1  ฮอร์ชอร์, แซลลี่
700 0  ทวีรัตน์ จิรดิลก,^eผู้แปล
700 0  ธนิกานต์ มาฆะศิรานนท์
700 12 Horchow, Roger.^tThe art of friendship
700 12 Horchow, Sally.^tThe art of friendship
945    ^p120^l0^i029955
945    ^p120^l0^i029956
995    เกษร
999 ^a ใช้งานได้ทุกระบบ
รายการนี้ยังไม่มีแท็ก
คุณยังไม่ได้ล็อกอิน คุณสามารถมีกิจกรรมร่วมกับเว็บไซต์ได้ แต่ต้องล็อกอินก่อน ::
  ล็อกอิน

รายการสื่อสารสนเทศ

ลำดับที่ ประเภท เลขเรียก/บาร์โค้ด สถานที่ สถานะ
- ไม่พบข้อมูล -

รายการใกล้เคียง
    ผู้แต่ง [ฮอร์ชอร์, โรเจอร์]

    หัวเรื่อง [มิตรภาพ]

BibComment


ยังไม่เคยถูกคอมเมนท์

คอมเมนท์ทรัพยากรรายการนี้
  คอมเมนท์: ศิลปะการผูกมิตรพิ..


 Copyright 2026. Bcnsprnw @Library